000 00589nam a22001817a 4500
003 OSt
008 240515b1999 |||||||| |||| 00| 0 eng d
020 _a9780070534070
082 _a658.4012
_bRAS-M
100 _aRasiel, Ethan M.
245 _aThe mckinsey way :
_busing the techniques of the world's top strategic consultants to help you and your business/
_cEthan M. Rasiel.
260 _aDelhi :
_bMcGraw Hill Education,
_c1999.
300 _axv, 187 p. ;
650 _aMckinsey and company
650 _aBusiness consultants
650 _aIndustrial management
942 _2ddc
_cBK
_09
999 _c20531
_d20531